000 00803nam a22001817a 4500
008 100629s xxu||||| |||| 00| 0 ara d
020 _a9770167185
082 _222
_a270.962
_bح م ي
100 1 _915429
_aرأفت ، عبد الحميد
245 _aالفكر المصري في العصر المسيحي /
_cرأفت عبد الحميد
260 _aالقاهرة :
_bالهيئة المصرية العامة للكتاب ،
_c2000.
300 _a359 ص :
_c24 سم.
500 _aيحتوي على فهرس
541 _aألف باء ؛
650 _915435
_aالمسيحية
_zمصر
942 _2ddc
_cBB
999 _c14285
_d14285